00675nam a2200181 a 45000010005000000030005000050050017000100080041000270400020000681110069000882450091001572600032002483000010002805000046002905000024003367100067003607100066004271756CDMR20130328101710.0130130s ||||||||||||||||||||||||||||d aCDMRbcatcCDMR2 aJornada Internacional de la Prensa AgrariacBarcelonad1987n1ª10aExpoaviga 87b: Jornada de la prensa agraria : 27 de noviembre de 1987 : [Ponències] aBarcelonabAGROPRESc[198?] c30 cm aConté apart el programa de les Jornades aExemplar fotocopiat aAsociación de Periodistas Agroalimentarios de Españaeorg. aAssociació de periodistes i escriptors agraris de Catalunya